<?xml version="1.0" encoding="UTF-8"?><?xml-stylesheet type="text/xsl" href="static/style.xsl"?><OAI-PMH xmlns="http://www.openarchives.org/OAI/2.0/" xmlns:xsi="http://www.w3.org/2001/XMLSchema-instance" xsi:schemaLocation="http://www.openarchives.org/OAI/2.0/ http://www.openarchives.org/OAI/2.0/OAI-PMH.xsd"><responseDate>2026-04-14T07:55:50Z</responseDate><request verb="GetRecord" identifier="oai:www.recercat.cat:20.500.12694/7136" metadataPrefix="marc">https://recercat.cat/oai/request</request><GetRecord><record><header><identifier>oai:recercat.cat:20.500.12694/7136</identifier><datestamp>2025-12-18T20:11:45Z</datestamp><setSpec>com_2072_179042</setSpec><setSpec>col_2072_484475</setSpec></header><metadata><record xmlns="http://www.loc.gov/MARC21/slim" xmlns:dcterms="http://purl.org/dc/terms/" xmlns:xsi="http://www.w3.org/2001/XMLSchema-instance" xmlns:doc="http://www.lyncode.com/xoai" xsi:schemaLocation="http://www.loc.gov/MARC21/slim http://www.loc.gov/standards/marcxml/schema/MARC21slim.xsd">
   <leader>00925njm 22002777a 4500</leader>
   <datafield ind2=" " ind1=" " tag="042">
      <subfield code="a">dc</subfield>
   </datafield>
   <datafield ind2=" " ind1=" " tag="720">
      <subfield code="a">Kurmankulov, Talgat</subfield>
      <subfield code="e">author</subfield>
   </datafield>
   <datafield ind2=" " ind1=" " tag="260">
      <subfield code="c">2015-02-18</subfield>
   </datafield>
   <datafield ind2=" " ind1=" " tag="520">
      <subfield code="a">A partir de l’estudi general de l’obra d’Aleksandr Scriabin i a partir de l’anàlisi particular de la Sonata núm. 9, així com de les distintes influències que va tenir, el treball pretén fer una valoració de com caldria interpretar la Sonata núm. 9. És per això que hom fa una introducció general a la vida de Scriabin i el situa en el seu context històric; estudia el seu interès per la filosofia i com aquesta va influir en la seva obra. Alhora, hom analitza la faceta de Scriabin com a pianista i en revisa l’obra com a compositor. La segona part del treball, pròpiament analítica, entra en la qüestió de les sonates i la importància que adquireixen en tota la seva obra, per tal de centrar-se, en el darrer punt, en la Sonata núm. 9 i l’enfocament interpretatiu que podria tenir. Aquí, a partir del que prèviament s’ha estudiat, hom proposa una possibilitat interpretativa. En relació amb aquest punt, es comparen interpretacions de diversos pianistes.</subfield>
   </datafield>
   <datafield ind2=" " ind1=" " tag="520">
      <subfield code="a">A partir del estudio general de la obra de Aleksandr Scriabin, y a partir del análisis particular de la Sonata n.º 9, así como de las distintas influencias que tuvo, el trabajo pretende hacer una valoración de cómo se debería interpretar dicha Sonata n.º 9. Para ello, se hace una introducción general a la vida de Scriabin y se lo sitúa en su contexto histórico. Se estudia su interés por la filosofía y cómo esta influyó en su obra. Se analiza la faceta de Scriabin como pianista y, finalmente, se revisa la obra como compositor. La segunda parte del trabajo, propiamente analítica, entra en la cuestión de las sonatas y la importancia que adquieren en toda su obra para centrarse, en el último punto, en la Sonata n.º 9 y el enfoque interpretativo que podría tener. Aquí, a partir de lo estudiado anteriormente, se propone una posibilidad interpretativa. En relación con este punto, se comparan interpretaciones de distintos pianistas.</subfield>
   </datafield>
   <datafield ind2=" " ind1=" " tag="520">
      <subfield code="a">From a general study of the work by Aleksandr Scriabin, and from a specific analysis of his Sonata number 9, in addition to the various influences he experienced, this work aims to assess how this Sonata should be interpreted. For this reason, we begin with a general introduction to Scriabin’s life and place it in its historical context. In this study, we highlight his interest in philosophy and how it influenced his work. Scriabin is analyzed as a pianist and as a composer as well. The second part of this work is primarily analytical. We delve into the topic of sonatas and the significance they acquired throughout his oeuvre. In the final section, we focus on Sonata No. 9 and the interpretive approaches that it allows. Based on the discussion above, we propose an interpretive possibility. In relation to this, we compare different interpretations of the Sonata.</subfield>
   </datafield>
   <datafield ind1="8" ind2=" " tag="024">
      <subfield code="a">http://hdl.handle.net/20.500.12694/7136</subfield>
   </datafield>
   <datafield tag="653" ind2=" " ind1=" ">
      <subfield code="a">TFM MEAI</subfield>
   </datafield>
   <datafield tag="653" ind2=" " ind1=" ">
      <subfield code="a">Skr'abin, Aleksandr Nikolajevic--Crítica i interpretació</subfield>
   </datafield>
   <datafield tag="653" ind2=" " ind1=" ">
      <subfield code="a">Skr'abin, Aleksandr Nikolajevic. Sonates, piano, núm. 9, op. 68</subfield>
   </datafield>
   <datafield tag="653" ind2=" " ind1=" ">
      <subfield code="a">Música--Rússia--S. XX</subfield>
   </datafield>
   <datafield tag="653" ind2=" " ind1=" ">
      <subfield code="a">Sonates--Anàlisi i apreciació</subfield>
   </datafield>
   <datafield tag="653" ind2=" " ind1=" ">
      <subfield code="a">Piano, Música per a--Anàlisi i apreciació</subfield>
   </datafield>
   <datafield ind2="0" ind1="0" tag="245">
      <subfield code="a">"Quería crear un nuevo cosmos": Aleksandr Scriabin y su sonata para piano nº 9</subfield>
   </datafield>
</record></metadata></record></GetRecord></OAI-PMH>